000
00210 a2200097 4500
001
24129
100
_a
Condon, E.U
245
_a
Theory of atomic spectra
260
_a
_b
Cambridge
_c
1967
090
_c
16322
_d
16322
942
_a
NUST-CAE
_c
M
_c
7028
999
_c
259202
_d
259202